00181nam a2200073Ia 4500008004100000100002100041245002800062999001700090170523s9999 xx 000 0 und d aGOPALKRISHNAN- P 0aINDIAN FINANCIAL SYSTEM c10257d10257